000 00235nam a2200097Ia 4500
001 1162223
005 20250827011640.0
008 250824s9999 xx 000 0 und d
245 0 _aROTAMIZ MESSİ
_cHÜSEYİN TOY
260 _bGENÇ HAYAT
999 _c1162223
_d1162223